| 000 | 00901aam a2200361a 44500 | ||
|---|---|---|---|
| 008 | 971121s1996 cat | ||
| 017 | _aB-10223-1996 | ||
| 020 | _a8429741186 | ||
| 041 | _acat | ||
| 080 | _a82(038) | ||
| 100 |
_aAritzeta, Margarida _967294 |
||
| 245 | _aDiccionari de termes literaris | ||
| 245 | _cMargarida Aritzeta | ||
| 260 | _aBarcelona | ||
| 260 | _bEdicions 62 | ||
| 260 | _c1996 | ||
| 300 |
_a216 p. _c19 cm. |
||
| 490 |
_aEl Cangur. Diccionaris; _v202 |
||
| 500 | _aRemissions, exemples | ||
| 520 | _aaprox. 1.000 | ||
| 546 | _acatalà | ||
| 591 | _a5347 | ||
| 592 | _aObra terminològica | ||
| 593 | _aSS | ||
| 594 | _a5347 | ||
| 650 |
_aliteratura _961298 |
||
| 830 |
_aEl Cangur. Diccionaris; _v202 _967295 |
||
| 901 | _c<1996> | ||
| 902 | _a971121 | ||
| 942 |
_cMO _n0 |
||
| 999 |
_c56126 _d56126 |
||